00328pab a2200121 454500008004000000100002000040245006600060260000900126300001300135362001000148650001400158773003400172180718b2009 xxu||||| |||| 00| 0 eng d aBardhan, Pranab aNotes on the political economy of India's tortuous transition c2009 ap.31-36. a5 Dec aEconomics aEconomic and Political Weekly